000 00336pab a2200145 454500
008 180718b2003 xxu||||| |||| 00| 0 eng d
100 _aRisher, Howard
245 _aTapping unused employee capabilities
260 _c2003
300 _ap.34-38.
362 _aSep
650 _aEmployees
773 _aPublic Manager
909 _a58061
999 _c58061
_d58061